| 000 | 01420nam a2200445 i 4500 | ||
|---|---|---|---|
| 001 | 7027 | ||
| 003 | KOSZ 005 | ||
| 005 | 20191029143736.0 | ||
| 008 | 070612s1970 pl a f f |000 0 pol | ||
| 015 | _aPB 1970/639 | ||
| 035 | _a991034441439705066 | ||
| 035 | _a(PL-WaBN)b19210826-48omnis_nlop | ||
| 035 | _ab19210826 | ||
| 035 | _a(OCoLC)316517000 | ||
| 035 | _a(PL)b0000001921082 | ||
| 035 | _a(EXLNZ-48OMNIS_NETWORK)9910019580505606 | ||
| 040 |
_aWA N _cWA N _dKOSZ 005/EC |
||
| 041 | _apol | ||
| 046 | _k1970 | ||
| 080 | _a531 | ||
| 100 | 1 |
_aJanik, Franciszek _d(1900-1975) _eAutor |
|
| 245 | 1 | 0 |
_aMechanika ogólna. _nT. 1 / _cFranciszek Janik. |
| 260 |
_aWarszawa : _bPaństwowe Wydawnictwo Naukowe, _c1970. |
||
| 300 |
_a356, [3] s. : _bil. ; _c23 cm. |
||
| 336 |
_2rdacontent _aTekst _btxt |
||
| 337 |
_2rdamedia _aBez urządzenia pośredniczącego _bn |
||
| 338 |
_2rdacarrier _aWolumin _bnc |
||
| 380 | _aKsiążki | ||
| 380 | _aPublikacje dydaktyczne | ||
| 385 |
_mPoziom nauczania _aSzkoły wyższe |
||
| 388 | _a1901-2000 | ||
| 388 | _a1945-1989 | ||
| 650 | 7 |
_aMechanika _2DBN |
|
| 655 | 7 |
_aPodręczniki _2DBN |
|
| 658 | _aFizyka i astronomia | ||
| 710 | 2 |
_4pbl _aPaństwowe Wydawnictwo Naukowe |
|
| 856 |
_uhttp://koha.tu.koszalin.pl/cgi-bin/koha/opac-detail.pl?biblionumber=7027 _yKatalog online BPK |
||
| 942 |
_2UKD _cKS |
||
| 999 |
_c7027 _d7027 |
||